000 00772nam a2200253Ia 4500
003 OSt
005 20260309161711.0
008 210210b1950 xxu||||| |||| 00| 0 eng d
040 _cAL
041 _aHindi
082 _a864/131
100 _aSINHA (Udayabhanu)
_dसिन्हा (उदयभानु)
_9258345
245 _aMahavir prasad dvivedi aur unka yug
_bमहावीर प्रसाद द्विवेदी और उनका युग
260 _aLakhnav
_bLaknav Vishvvidyalay
_c1950
650 _ayug
_9258346
650 _aunka
_9258347
650 _aprasad
_9258348
650 _aMahAvir
_9258349
650 _advivedi
_9258350
650 _aaur
_9258351
690 _aHindi Criticism
_9258352
906 _a023667
942 _2ddc
_cBK
999 _c148633
_d148633